Physiological aspects of crop nutrition and resistance (Record no. 28044)

MARC details
000 -LEADER
fixed length control field 00327nam a2200121Ia 4500
082 ## - DEWEY DECIMAL CLASSIFICATION NUMBER
Classification number 633:631.811
Item number GUP
100 ## - MAIN ENTRY--AUTHOR NAME
Personal name Gupta, U S
245 #0 - TITLE STATEMENT
Title Physiological aspects of crop nutrition and resistance
260 ## - PUBLICATION, DISTRIBUTION, ETC. (IMPRINT)
Place of publication Delhi
Name of publisher Alma Ram
Year of publication 1977
650 ## - SUBJECT ADDED ENTRY--TOPICAL TERM
Topical Term Crop nutrition
942 ## - ADDED ENTRY ELEMENTS (KOHA)
Koha item type Books
Holdings
Withdrawn status Lost status Damaged status Not for loan Home library Current library Date acquired Full call number Accession Number Koha item type
        RRII Library RRII Library 16/12/2021 633:631.811 GUP 08659 Books